000 00426nam a22001697a 4500
005 20180305130744.0
008 160618b xxu||||| |||| 00| 0 eng d
020 _a81-259-1574-5
041 _aeng
082 _b8126
_a332.12
100 _aMachi Raju
_92210
245 _aModern Commercial Banking
260 _aNew Delhi
_bVikas Publishing House (P) Ltd.
_c2005
300 _a275
650 _aManagement
_9241
942 _cBK
999 _c3093
_d3092